| 000 -LEADER | |
|---|---|
| fixed length control field | 00407nam a22001697a 4500 |
| 005 - DATE AND TIME OF LATEST TRANSACTION | |
| control field | 20210826111844.0 |
| 008 - FIXED-LENGTH DATA ELEMENTS--GENERAL INFORMATION | |
| fixed length control field | 160702b xxu||||| |||| 00| 0 eng d |
| 020 ## - INTERNATIONAL STANDARD BOOK NUMBER | |
| ISBN | 0-19-8097470-9 |
| 041 ## - LANGUAGE CODE | |
| Language code of text/sound track or separate title | eng |
| 082 ## - DEWEY DECIMAL CLASSIFICATION NUMBER | |
| Item number | 20829 |
| Classification number | 005.133 |
| 100 ## - MAIN ENTRY--AUTHOR NAME | |
| Personal name | Bhasin, Harsh |
| 245 ## - TITLE STATEMENT | |
| Title | Programming In C# |
| 260 ## - PUBLICATION, DISTRIBUTION, ETC. (IMPRINT) | |
| Name of publisher | Oxford |
| Year of publication | 2014 |
| Place of publication | new delhi |
| 300 ## - PHYSICAL DESCRIPTION | |
| Number of Pages | 585 |
| 650 ## - SUBJECT ADDED ENTRY--TOPICAL TERM | |
| Topical Term | Diploma Engineering |
| 942 ## - ADDED ENTRY ELEMENTS (KOHA) | |
| Koha item type | Books |
| Lost status | Damaged status | Collection code | Home library | Current library | Shelving location | Date acquired | Cost, normal purchase price | Full call number | Accession Number | Koha item type |
|---|---|---|---|---|---|---|---|---|---|---|
| Reference | JRU Library | SHELF-30-D | 02/07/2016 | 495.00 | 005.133 | 20829 | Books | |||
| CS/IT | JRU Library | JRU Library | SHELF-53-F | 02/07/2016 | 495.00 | 20829 | 20830 | Books | ||
| CS/IT | JRU Library | JRU Library | SHELF-50-D | 02/07/2016 | 495.00 | 005.133 | 20831 | Books | ||
| CS/IT | JRU Library | JRU Library | SHELF-50-D | 02/07/2016 | 495.00 | 005.133 | 20832 | Books | ||
| JRU Library | SHELF-3-F | 02/07/2016 | 495.00 | 20829 | 20833 | Books |